| 000 | 01790nam a22002897a 4500 | ||
|---|---|---|---|
| 999 |
_c1697 _d1697 |
||
| 003 | AR-BaISA | ||
| 005 | 20241007103541.0 | ||
| 007 | ta | ||
| 008 | 170719s2014 ag ao||| |||| 00| 0 spa d | ||
| 020 | _a9789875582996 | ||
| 040 | _cAR-BaISA | ||
| 082 | 0 | 4 |
_222 _a362.404 1 N281 |
| 245 | 0 | 0 |
_aPersonas con discapacidad: _bsu abordaje desde miradas convergentes / _cCompilado por Silvia Necchi, Marta Suter y Andrea Gaviglio |
| 260 |
_aBernal: _bUniversidad Nacional de Quilmes, _c2014 |
||
| 300 |
_a370 p.: _bil., fot. |
||
| 490 | 1 | _aEncuentros | |
| 504 | _aBibliografía al final de cada capítulo | ||
| 505 |
_tLuisa Ripa / Filosofía de las personas con discapacidad -- _tLuisa Ripa / Los derechos de las personas con discapacidad -- _tLiliana Bastons / Aspectos legales que regulan los derechos de las personas con discapacidad -- _tNancy Díaz Larragaña / Los medios de comunicación y la discapacidad -- _tAndrea Gaviglio / Programas de discapacidad del Ministerio de Desarrollo Social de la provincia de Buenos Aires: su surgimiento y estado actual -- _tMaría Esther Fernández / Discapacidad y trabajo -- _tSusana Haddad / Consideraciones en educación para personas con discapacidad -- _tMónica Bottini / Personas con discapacidad: algunos conceptos sobre el clivaje arte/subjetivación -- _tNora Demarchi / Accesibilidad al medio: de la eliminación de barreras al diseño universal -- _tLuis Grünewald y Águeda Fernández / Turismo accesible |
||
| 650 | 1 | 4 |
_9245 _aDiscapacidad _xpolíticas |
| 650 | 1 | 4 |
_9246 _aPersonas con discapacidad |
| 650 | 1 | 4 |
_9245 _aDiscapacidad _xaspectos sociales |
| 700 | 1 |
_9247 _aNecchi, Silvia _ecomp. |
|
| 700 | 1 |
_9248 _aSuter, Marta _ecomp. |
|
| 700 | 1 |
_9249 _aGaviglio, Andrea _ecomp. |
|
| 830 | 0 |
_9244 _aEncuentros |
|
| 942 |
_2ddc _cLI _e22 |
||